00933nam a2200265 a 4500008004100000020002200041049000900063090001700072245008800089260004700177300003400224500001900258504004100277650002900318650002400347650002700371700002000398907003500418003000100453005001700454040000900471942002400480999001900504952014400523  a0750654414 (pbk.) aMAIN aR697.A4bBEC10aBecoming an advanced healthcare practitioner /cedited by Gillian Brown... [et.al.] aEdinburgh :bButterworth Heinemann,c2003. axiii, 322p. :bill. ;c25 cm. aInclude index. aIncludes bibliographical references. aMedical carexStandards. aCareer development. 1aProfessional practice. aBrown, Gillian. a.b10257883b10-02-10c14-11-0820230120204007.0 cNUST cBOOKSkR697.A4mBEC c115214d115214 r2023-01-20 00:00:00l0oR697.A4 BECp92004010224v80.00w2023-01-20yBOOKS102LCC40708NFIC00aMedicalbMedicalcGENd2023-01-20g80.00